Sports Quiz

Random Sports or Hockey Quiz

3 Stanley Cups in 10 Years Quiz Stats

 Plays Quiz Updated May 11, 2020

     
Support Sporcle.
Go Orange.
Score 0/18 Timer 01:30
1 Play Today
Years Team % Correct
1924-1931 (3)Montreal Canadiens
94.4%
1944-1953 (3)Montreal Canadiens
94.4%
1956-1960 (5)Montreal Canadiens
94.4%
1965-1973 (6)Montreal Canadiens
94.4%
1971-1979 (6)Montreal Canadiens
94.4%
1977-1986 (4)Montreal Canadiens
94.4%
2010-2015 (3)Chicago Blackhawks
93.3%
1936-1943 (3)Detroit Red Wings
93.1%
1943-1952 (3)Detroit Red Wings
93.1%
Years Team % Correct
1950-1955 (4)Detroit Red Wings
93.1%
1997-2002 (3)Detroit Red Wings
93.1%
2009-2017 (3)Pittsburgh Penguins
91.8%
1942-1951 (6)Toronto Maple Leafs
91.3%
1962-1967 (4)Toronto Maple Leafs
91.3%
1984-1990 (5)Edmonton Oilers
89.5%
1980-1983 (4)New York Islanders
86.5%
1995-2003 (3)New Jersey Devils
73.5%
1920-1927 (4)Ottawa Senators
54.9%

From the Vault

The Fewer Hints the Better!

by tigersfanation

This is a game of 20 questions that you don't want to miss.
Remove Ads.
Support Sporcle.
Get the best of Sporcle when you Go Orange. This ad-free experience offers more features, more stats, and more fun while also helping to support Sporcle. Thank you for becoming a member.

Show Comments

Extras

Top Quizzes Today


Score Distribution

Your Account Isn't Verified!

In order to create a playlist on Sporcle, you need to verify the email address you used during registration. Go to your Sporcle Settings to finish the process.

Report this User

Report this user for behavior that violates our Community Guidelines.

Details: